000 00830nam a22002777a 4500
001 0021887
003 KOHA_MİRAKIL
005 20260207002329.0
007 ta
008 100823b1990 tu a|||grd|||#0|||1|tur |
040 _aTR-BiSEU
_btur
_cTR-BiSEU
_erda
041 0 _atur
044 _ctu
050 _aPL191
_b.O94 1990
245 0 _aOxford resimli ansiklopedik sözlük :
_bİngilizce-Türkçe.
264 1 _aİstanbul :
_bSabah
_c1990
300 _a4 c., 466 sayfa :
_bres. ;
_c28 cm.
336 _ametin
_btxt
_2rdacontent
337 _aaracısız
_bn
_2rdamedia
338 _acilt
_bnc
_2rdacarrier
500 _aEser çift dillidir. (İngilizce-Türkçe)
650 0 _aTürk dili--Sözlükler--İngilizce.
_91708
650 0 _aTurkish language--Dictionaries--English.
_93196
907 _aSözlük
942 _2lcc
_cBK
999 _c21843
_d21843